02247Cam#a22005535a#4500003000900000005001700009008004100026020001500067040001800082041000800100080000700108100003600115245010100151260004200252300003000294500003900324504003100363505001100394505001800405505007700423505004000500505005100540505006000591505007300651505001800724505004500742505005700787505001800844505003700862505003700899505004300936505004600979505006301025505001701088505004801105505006601153505004101219505004401260505006901304505001701373505006401390505005101454505004401505505002201549505003601571505002701607505002801634600003101662AR-RoUNA20250910094103.0061013s2005||||sp|o|||f |||1 0dspa d a8486540585 aAR-RoUNAbspa aspa a721 aCastellar-Gassol, Joan, d1933-1 aGaudi :bla vida de un visionario /cJ. Castellar-Gassol ; traduccion de Maria Iniesta i Agullo. aBarcelona :bEdicions de 1984,c2005. a142 p :bil. col.c18 cm. aNotas a los capitulos: p. 119-131. aBibliografia: p. 135-142.0 tINDICE0 tPRIMERA PARTE0 tCAPÍTULO 1aEl caso del desconocido atropellado por un tranvía. p. 90 tCAPÍTULO 2aLos orígenes. p. 130 tCAPÍTULO 3aLa saga de los caldereros. p. 160 tCAPÍTULO 4 aEl jardín de los siete secretos. p. 200 tCAPÍTULO 5aChimeneas y campanarios o los tres románticos. p. 250 tSEGUNDA PARTE0 tCAPÍTULO 6aEl carisma de Josep. p. 350 tCAPÍTULO 7 aBarcelona, la gran encantadora. p. 440 tTERCERA PARTE0 tCAPÍTULO 8aEl progreso. p. 510 tCAPÍTULO 9aLa utopía. p. 560 tCAPÍTULO 10aEl tío Antón. p. 600 tCAPÍTULO 11aEl amor de Mataró. p. 640 tCAPÍTULO 12aEl café de los éxtasis exaltados. p. 680 tCUARTA PARTE0 tCAPÍTULO 13aFortunas de América. p. 750 tCAPÍTULO 14aPremonición o visiones del otro mundo. p. 810 tCAPÍTULO 15aExtravagancias. p. 840 tCAPÍTULO 16a¡ Adiós Padre!. p. 930 tCAPÍTULO 17 aEl Dia de la Bestia o la Semana Trágica. p. 970 tQUINTA PARTE0 tCAPÍTULO 18aRonda de muerte en el Parque Güell. p. 1030 tCAPÍTULO 19 aLos cipreses de piedra. p. 1070 tCAPÍTULO 20 aFin de trayecto. p. 1120 aEpílogo. p. 1170 aNotas a Los Capítulos. p. 1190 aBibliografía. p. 1350 aReconocimientos. p. 141 0aGaudí, Antonid1852-1926